| 000 | 01522nam a2200421Ii 4500 | ||
|---|---|---|---|
| 001 | DIGMAIPUE0082 | ||
| 003 | NyNyDIG | ||
| 008 | 220224s2018 ag a o 00 0 spa d | ||
| 006 | m o d | ||
| 007 | cr ||||||||||| | ||
| 035 | _a(OCoLC)1319852760 | ||
| 040 |
_aDGITA _beng _erda _epn _cDGITA |
||
| 020 |
_a9789874490674 _qeBook _qePub |
||
| 020 | _z9789874490643 | ||
| 050 | 1 | 4 | _aSF281 ebook |
| 082 | 0 | 4 | _a636.1 |
| 100 | 1 |
_aZlotnik, Anahí, _eauthor. |
|
| 245 | 1 | 0 |
_aSentir caballo : _bel sentir como terapia / _cAnahí Zlotnik. |
| 264 | 1 |
_aItuzaingó, Provincia de Buenos Aires : _bEditorial Maipue, _c[2018] |
|
| 300 | _a1 online resource. | ||
| 336 |
_atext _btxt _2rdacontent |
||
| 337 |
_acomputer _bc _2rdamedia |
||
| 338 |
_aonline resource _bcr _2rdacarrier |
||
| 347 |
_atext file _2rdaft |
||
| 347 | _aEPUB | ||
| 504 | _aIncludes bibliographical references. | ||
| 588 | 0 | _aOnline resource; title from ePub title page (Digitalia, viewed February 24, 2022) | |
| 650 | 0 |
_aHorses _xTraining. |
|
| 650 | 0 | _aVeterinary medicine. | |
| 655 | 0 | _aElectronic books. | |
| 791 | 2 |
_aDigitalia (Firm), _edistributor. |
|
| 793 | 0 |
_gDigitalia eBook Collection: _aMaipue Editorial. |
|
| 776 | 0 | 8 |
_iPrint version: _aZlotnik, Anahí. _tSentir caballo. _dItuzaingó, Provincia de Buenos Aires : Editorial Maipue, [2018] _z9789874490643 |
| 830 | 0 | _aConCiencia (Maipue) | |
| 856 | 4 | 0 |
_3Digitalia Hispánica _uhttps://www.digitaliapublishing.com/a/80759/ |
| 910 | _aPremium collection: 2022 | ||
| 942 | _cRAA | ||
| 999 |
_c264832 _d264832 |
||